Normal view
MARC view
- DEE, HAROLD M,MOTT, GEORGE FOX
Entry Personal Name
001 - CONTROL NUMBER
- control field: 57717
003 - CONTROL NUMBER IDENTIFIER
- control field: NUST
005 - DATE AND TIME OF LATEST TRANSACTION
- control field: 20210628202002.0
008 - FIXED-LENGTH DATA ELEMENTS
- fixed length control field: 210628|| aca||aabn | a|a d
040 ## - CATALOGING SOURCE
- Original cataloging agency: NUST
- Transcribing agency: NUST
100 ## - HEADING--PERSONAL NAME
- Personal name: DEE, HAROLD M,MOTT, GEORGE FOX
670 ## - SOURCE DATA FOUND
- Source citation: Work cat.: (NUST): DEE, HAROLD M,MOTT, GEORGE FOX, MIDDLE AGES AN OUTLINES HISTORY FROM THE DECLINE OF THE ROMAN EMPIRE THROUGH THE REFORMATION, 1957
